Звичайний вигляд
Перегляд у МАРК
Входження „Topical Term“
Кількість записів, які використовуються: 1
001 - CONTROL NUMBER
- control field: 25170
003 - CONTROL NUMBER IDENTIFIER
- control field: UA-OsUOA
005 - DATE AND TIME OF LATEST TRANSACTION
- control field: 20260504154430.0
008 - FIXED-LENGTH DATA ELEMENTS
- fixed length control field: 260504|| aca||aabn | a|a d
040 ## - CATALOGING SOURCE
- Original cataloging agency: UA-OsUOA
- Transcribing agency: UA-OsUOA
150 ## - HEADING--TOPICAL TERM
- Topical term or geographic name as entry element: 37.01 Основи виховання. Теорія. Політика тощо
670 ## - SOURCE DATA FOUND
- Source citation: Work cat.: (UA-OsUOA)574904: Українські діти — наше майбутнє: діти та молодь в українській літературі, 1979